General Knowledge Quiz #2 - Statistics

General Stats
  • This quiz has been taken 287,882 times
    190,883 since last reset
  • The average score is 11 of 20
Answer Stats
Question Answer % Correct
Which country has won the most men's soccer World Cups? Brazil
91%
Who resigned as Apple CEO in 2011? Steve Jobs
86%
Who was the king of the Roman gods? Jupiter
81%
What is Islam's holiest city? Mecca
81%
What country borders San Marino? Italy
77%
What is the English translation of the German word "Wurst"? Sausage
72%
What two-digit number has the most syllables when spoken? Seventy seven
71%
What African country had an outbreak of piracy in the early 21st century? Somalia
68%
Who wrote the "Moonlight Sonata"? Ludwig van Beethoven
65%
What did Abebe Bikila wear on his feet when winning the marathonat the 1960 Summer Olympics? Nothing
56%
What did Moses bring with him when he climbed down from Mt. Sinai? The Ten Commandments
55%
What type of animal has a head, thorax, and abdomen? Insect
52%
Who was rated the #1 guitarist of all time by Rolling Stone magazine? Jimi Hendrix
44%
What is the word for a male goose? Gander
39%
What did Little Miss Muffet eat while sitting on a tuffet? Curds and whey
37%
What is "good" when it's HDL and "bad" when it's LDL? Cholesterol
35%
What is the mineral pyrite commonly known as? Fool's gold
35%
Who served as Prime Minister of the U.K. from 1937–1940? Neville Chamberlain
34%
What "Wild World" singer changed his name to Yusuf Islam in 1977? Cat Stevens
30%
Among all the cities in the world with a metro population over 1 million people, which one is last alphabetically? Zürich
19%
No matching quizzes found
Score Distribution
Percent of People with Each Score
Percentile by Number Answered
Your Score History
You have not taken this quiz since the last reset